[Event "Salon de Provence op"]
[Site "Salon de Provence"]
[Date "2023.07.09"]
[Round "2.4"]
[White "Chaumet, Etienne"]
[Black "Kostenjuk, Kristina"]
[Result "1/2-1/2"]
[WhiteElo "2070"]
[BlackElo "1783"]
[PlyCount "157"]
[EventDate "2023.07.08"]
[EventType "swiss"]
[EventRounds "9"]
[EventCountry "FRA"]
[SourceTitle "EXT 2024"]
[Source "ChessBase"]
[SourceDate "2023.10.10"]
[SourceVersion "1"]
[SourceVersionDate "2023.10.10"]
[SourceQuality "1"]

1. e4 c5 2. Nf3 Nc6 3. d4 cxd4 4. Nxd4 Nf6 5. Nc3 e5 6. Ndb5 d6 7. Bg5 a6 8. Na3 b5 9. Nd5 Be7 10. Bxf6 Bxf6 11. c3 Bg5 12. Nc2 Rb8 13. Bd3 0-0 14. 0-0 Ne7 15. Nce3 Be6 16. Bc2 a5 17. Qd3 g6 18. Rfd1 Qd7 19. Nxe7+ Bxe7 20. Bb3 Rfd8 21. Bd5 Kg7 22. c4 bxc4 23. Nxc4 Bxd5 24. Qxd5 Rb5 25. Qd3 Qb7 26. Qe2 f6 27. Rac1 d5 28. exd5 Rbxd5 29. Rxd5 Rxd5 30. g3 a4 31. Qc2 Qb5 32. b3 axb3 33. axb3 Bb4 34. Ra1 Qc5 35. Qa2 Rd7 36. Qa8 Qd4 37. Ra6 Qd1+ 38. Kg2 Qxb3 39. Qc6 Rf7 40. Ne3 Qc3 41. Qe6 Qd4 42. Nd5 Bc5 43. Ra2 Qe4+ 44. f3 Qb1 45. Ra5 Qg1+ 46. Kh3 Qf1+ 47. Kg4 f5+ 48. Kh4 Qc4+ 49. Nf4 Be7+ 50. Kh3 Qf1+ 51. Ng2 Qxf3 52. Qxe5+ Bf6 53. Qf4 Qh5+ 54. Nh4 Bxh4 55. Qxh4 Qd1 56. Qc4 Qh5+ 57. Kg2 Qd1 58. Qc3+ Kh6 59. Qe3+ f4 60. gxf4 Qg4+ 61. Qg3 Qe2+ 62. Qf2 Qxf2+ 63. Kxf2 Rxf4+ 64. Kg3 Rb4 65. Ra7 g5 66. Ra3 Kh5 67. Rc3 h6 68. Ra3 Rg4+ 69. Kh3 Rg1 70. Ra5 Rb1 71. Kg3 Rb3+ 72. Kg2 Kh4 73. Ra4+ g4 74. Ra5 h5 75. Rc5 Rb2+ 76. Kg1 g3 77. hxg3+ Kxg3 78. Rc3+ Kf4 79. Rc4+ 1/2-1/2

[Event "FRA-ch U18"]
[Site "Agen"]
[Date "2023.04.28"]
[Round "7"]
[White "Chaumet, Etienne"]
[Black "Pichon, Ewen"]
[Result "0-1"]
[WhiteElo "1984"]
[BlackElo "2257"]
[PlyCount "138"]
[EventDate "2023.04.23"]
[EventType "swiss"]
[EventRounds "9"]
[EventCountry "FRA"]
[SourceTitle "CBM 214 Extra"]
[Source "ChessBase"]
[SourceDate "2023.07.31"]
[SourceVersion "1"]
[SourceVersionDate "2023.07.31"]
[SourceQuality "1"]

1. e4 c5 2. Nf3 d6 3. d4 cxd4 4. Nxd4 Nf6 5. Nc3 Nc6 6. f3 e5 7. Nb3 Be6 8. Nd5 Bxd5 9. exd5 Nb8 10. Be3 Be7 11. Be2 0-0 12. Qd2 Nbd7 13. Na5 Qc7 14. 0-0 Nh5 15. Rfd1 f5 16. c4 f4 17. Bf2 Nhf6 18. Bd3 e4 19. Bxe4 Nxe4 20. fxe4 f3 21. c5 fxg2 22. Bd4 Bf6 23. Nb3 Bxd4+ 24. Nxd4 Nxc5 25. Re1 Rae8 26. Qc2 Qb6 27. Kxg2 Rf4 28. Ne6 Nxe6 29. dxe6 Rf6 30. Re2 Rfxe6 31. Qc4 Qc6 32. Qxc6 bxc6 33. Rae1 Kf7 34. Rf2+ Kg8 35. Rfe2 Kf7 36. Rf2+ Kg6 37. Rd1 Rd8 38. Rc2 Rb8 39. Rxc6 Rxb2+ 40. Kg3 Rxe4 41. Rcxd6+ Kh5 42. R1d2 Rxd2 43. Rxd2 Ra4 44. Kg2 g5 45. Kg3 h6 46. h3 a5 47. Rc2 Rd4 48. Re2 Rd3+ 49. Kg2 a4 50. Rb2 Re3 51. Rc2 Kg6 52. Rb2 Kf5 53. Rc2 Ke5 54. Rb2 Kd5 55. Rb6 Re6 56. Rb4 Re2+ 57. Kg3 Re3+ 58. Kg2 a3 59. Rb6 Re2+ 60. Kg3 Rxa2 61. Rxh6 Ra1 62. Ra6 Kc4 63. Kg4 Rg1+ 64. Kh5 Rg3 65. Kg6 Kb3 66. Kf5 a2 67. Rb6+ Kc2 68. Rc6+ Kb2 69. Rb6+ Rb3 0-1

[Event "FRA-ch U16"]
[Site "Agen"]
[Date "2022.04.18"]
[Round "2"]
[White "Bat, Bilguun"]
[Black "Chaumet, Etienne"]
[Result "1/2-1/2"]
[WhiteElo "2169"]
[BlackElo "1751"]
[PlyCount "127"]
[EventDate "2022.04.16"]
[EventType "swiss"]
[EventRounds "9"]
[EventCountry "FRA"]
[SourceTitle "EXT 2023"]
[Source "ChessBase"]
[SourceDate "2022.10.05"]
[SourceVersion "1"]
[SourceVersionDate "2022.10.05"]
[SourceQuality "1"]

1. d4 Nf6 2. Nf3 e6 3. e3 d5 4. Bd3 c5 5. 0-0 Be7 6. b3 0-0 7. Bb2 b6 8. Nbd2 Bb7 9. Qe2 a6 10. dxc5 Bxc5 11. e4 dxe4 12. Nxe4 Nbd7 13. Rad1 Qe7 14. Nxf6+ Nxf6 15. Bxf6 Qxf6 16. Be4 Bxe4 17. Qxe4 Qe7 18. Rd3 Rfd8 19. Rfd1 Rac8 20. Rxd8+ Rxd8 21. Rxd8+ Qxd8 22. g3 g6 23. Kg2 a5 24. h4 Qd6 25. c4 Qd1 26. h5 Qc1 27. Ne5 Qg5 28. hxg6 hxg6 29. Qe2 Qf6 30. Nf3 Qc3 31. Ng5 Qf6 32. Ne4 Qe5 33. Qf3 Kg7 34. Nc3 Kg8 35. Nb5 Qb2 36. Nc3 Bd4 37. Ne4 Be5 38. Ng5 Bf6 39. Ne4 Be5 40. Qd3 Bd4 41. Qd2 Qa1 42. Nd6 Bc5 43. Ne4 Qe5 44. Nxc5 Qxc5 45. Kg1 Kg7 46. Qd7 Qe5 47. Qd3 Qe1+ 48. Kg2 Qe5 49. a3 Qc7 50. Qd4+ e5 51. Qd5 Qe7 52. Qb5 Qd6 53. b4 axb4 54. axb4 e4 55. Qa4 Qd3 56. Qa1+ f6 57. Qa7+ Kh6 58. Qa1 Qxc4 59. Qxf6 Qxb4 60. Qh8+ Kg5 61. Qe5+ Kh6 62. Qh8+ Kg5 63. Qe5+ Kh6 64. Qh8+ 1/2-1/2